Vyhýbanie sa daniam prostredníctvom daňových rajov bakalárska práca

Guardado en:
Detalles Bibliográficos
Autor principal: Gagová, Veronika
Autor Corporativo: Národohospodárska fakulta EU. Katedra financií
Otros Autores: Kubicová, Jana, 1961-
Formato: Libro
Lenguaje:eslovaco
Publicado: Bratislava 2019
Etiquetas: Agregar Etiqueta
Sin Etiquetas, Sea el primero en etiquetar este registro!

MARC

LEADER 00000nbm a2200000 4500
001 0256554
005 20191030124657.2
041 0 |a slo 
044 |a SK 
245 1 0 |a Vyhýbanie sa daniam prostredníctvom daňových rajov  |b bakalárska práca  |c Veronika Gagová ; školiteľ: Jana Kubicová 
264 1 |a Bratislava  |c 2019 
300 |a 54 s. 
100 1 |a Gagová, Veronika 
700 1 |a Kubicová, Jana, 1961- 
710 2 |a Národohospodárska fakulta EU. Katedra financií